Sapthadhare (Record no. 164776)

000 -LEADER
fixed length control field 00328nam a2200133Ia 4500
008 - FIXED-LENGTH DATA ELEMENTS--GENERAL INFORMATION
fixed length control field 220217s9999||||xx |||||||||||||| ||und||
020 ## - INTERNATIONAL STANDARD BOOK NUMBER
International Standard Book Number 9383053267
082 ## - DEWEY DECIMAL CLASSIFICATION NUMBER
Classification number 894.8143 SAY
100 ## - MAIN ENTRY--PERSONAL NAME
Personal name Sayisuthe
245 #0 - TITLE STATEMENT
Title Sapthadhare
260 ## - PUBLICATION, DISTRIBUTION, ETC.
Place of publication, distribution, etc. Bangalore
Name of publisher, distributor, etc. Sudha publication
Date of publication, distribution, etc. 2015
300 ## - PHYSICAL DESCRIPTION
Extent 237p.
Other physical details 165
650 ## - SUBJECT ADDED ENTRY--TOPICAL TERM
Topical term or geographic name entry element GENERAL BOOKS
Holdings
Withdrawn status Lost status Source of classification or shelving scheme Damaged status Not for loan Collection code Home library Current library Date acquired Total Checkouts Full call number Barcode Date last seen Date last checked out Price effective from Koha item type
          Humanity Science Central Library Central Library 02/17/2022 1 894.8143 SAY SP23 04/04/2022 03/25/2022 02/17/2022 Special collection books

Powered by Koha